Sports Quiz

Random Sports or Football Quiz

Find the NCAA Teams by Helmets Quiz Stats

Quiz Updated Oct 26, 2017

Challenge
Share
Tweet
Score 0/72 Timer 12:00
3 Plays Today
% Correct
Clemson
Tigers
84.7%
Syracuse
Orange
84.5%
North Carolina
Tar Heels
84.4%
Miami (FL)
Hurricanes
83.6%
Michigan State
Spartans
83.6%
Texas
Longhorns
83.1%
Tennessee
Volunteers
83.1%
West Virginia
Mountaineers
82.8%
Virginia Tech
Hokies
82.6%
Duke
Blue Devils
82.5%
Arizona
Wildcats
82.3%
Wisconsin
Badgers
82.2%
Alabama
Crimson Tide
82%
Arkansas
Razorbacks
81.9%
Nebraska
Cornhuskers
81.8%
Wake Forest
Demon Deacons
81.6%
Virginia
Cavaliers
81.5%
Georgia
Bulldogs
81.4%
Florida State
Seminoles
81.3%
Michigan
Wolverines
81.1%
Iowa State
Cyclones
80.6%
Fresno State
Bulldogs
80.4%
Iowa
Hawkeyes
80.4%
Southern California
Trojans
80.3%
Hawai'i
Rainbow Warriors
80.1%
Ohio State
Buckeyes
80.1%
Utah
Utes
80%
East Carolina
Pirates
79.8%
Baylor
Bears
79.7%
Texas Tech
Red Raiders
79.5%
Cincinnati
Bearcats
79.4%
Northwestern
Wildcats
79.4%
Minnesota
Golden Gophers
79.3%
Rutgers
Scarlet Knights
79.2%
Colorado State
Rams
78.7%
Arizona State
Sun Devils
78.5%
% Correct
Kansas State
Wildcats
77.9%
Penn State
Nittany Lions
77.9%
Wyoming
Cowboys
77.8%
Vanderbilt
Commodores
77.5%
Colorado
Buffaloes
77.4%
Tulane
Green Wave
77.4%
Southern Methodist
Mustangs
77.4%
Auburn
Tigers
77.3%
Brigham Young
Cougars
77%
Memphis
Tigers
76.6%
Notre Dame
Fighting Irish
76.6%
Rice
Owls
75.9%
Marshall
Thundering Herd
75.5%
South Carolina
Gamecocks
75.5%
North Dakota
State Bison
74.8%
Louisiana Tech
Bulldogs
74.1%
Mississippi State
Bulldogs
74%
South Florida
Bulls
73.7%
Bowling Green
Falcons
73%
Ball State
Cardinals
72.3%
Kent State
Golden Flashes
72.2%
Princeton
Tigers
71.8%
Washington State
Cougars
71.6%
San Jose State
Spartans
71.2%
Western Kentucky
Hilltoppers
70.3%
Air Force
Falcons
69.8%
Nevada
Wolf Pack
68.9%
North Carolina
State Wolfpack
68.9%
Buffalo
Bulls
68.2%
Middle Tennessee
Blue Raiders
67.9%
Army
Black Knights
67.5%
New Mexico
Lobos
67.4%
Arkansas State
Red Wolves
66.1%
Louisiana-Monroe
Warhawks
66.1%
Akron
Zips
64.3%
San Diego State
Aztecs
62.4%

You're not logged in!

Compare scores with friends on all Sporcle quizzes.
Join for Free
OR
Log In

You Might Also Like...

Show Comments

Extras

Top Quizzes Today


Score Distribution

Your Account Isn't Verified!

In order to create a playlist on Sporcle, you need to verify the email address you used during registration. Go to your Sporcle Settings to finish the process.

Report this User

Report this user for behavior that violates our Community Guidelines.

Details: